Avaces rapaces de Bogota (Registro nro. 7848)

Detalles MARC
000 -CABECERA
Campo de control 00808nam a22002057a 4500
005 - FECHA Y HORA DE LA ULTIMA TRANSACCION
Campo de control 20150204115034.0
008 - ELEMENTOS DE LONGITUD FIJA—INFORMACION GENERAL
Campo de control 131118b2007 ck ||||| |||| 00| 0 spa d
040 ## - FUENTE DE CATALOGACIÓN
Agencia catalogadora original CO-BoIAVH
Agencia transcriptora CO-BoIAVH
041 ## - IDIOMA
Código de idioma para texto/pista de sonido o título separado Español
044 ## - PAÍS DE PUBLICACIÓN
País de publicación Colombia
090 ## - CLASIFICACIÓN LOCAL
Colección IAVH
Consecutivo 01530
100 ## - ASIENTO PRINCIPAL--NOMBRE PERSONAL
Nombre personal Marquez -Cesar
245 ## - MENCION DE TITULO
Título Avaces rapaces de Bogota
Parte restante del título Diversidad en medio de la urbe
260 ## - PUBLICACION, DISTRIBUCION, ETC. (PIE DE IMPRENTA)
Lugar de publicación, distribución, etc. Bogota
Nombre del editor, distribuidor, etc. Instituto de Investigación de Recursos Biológicos Alexander von Humboldt
Fecha de publicación, distribución, etc. 2007
300 ## - DESCRIPCION FISICA
Extensión 100 p.
Otros detalles físicos il.
Dimensiones 27 cm
520 ## - NOTA DE RESUMEN, ETC.
Nota de resumen El presente documento trata sobre la historia,diversidad y estado de conservacion de las aves repaces en Bogota, muestra algunas experiencias de rescate y rehabilitacion de las aves rapaces.
650 ## - ASIENTO SECUNDARIO DE MATERIA - TERMINO TEMATICO
Término temático o nombre geográfico como elemento de entrada Aves rapaces
Subdivisión geográfica Bogota
700 ## - ASIENTO SECUNDARIO - NOMBRE PERSONAL
Nombre personal Vanegas -Victor
942 ## - ELEMENTOS ADICIONALES (KOHA)
Sistema de clasificación Local
Tipo de ítem Informe Técnico
Existencias
Withdrawn status Lost status Sistema de Clasificación Damaged status No para préstamo Colección Inventariado Ubicación Permanente Ubicación actual Fecha de adquisición Total Checkouts Número topográfico Inventario / Código de Barras Date last seen Ejemplar Price effective from Forma de adquisición Tipo de material
    Local     Humboldt Inventariado 2017 Bogotá Bogotá 18/11/2013   IAVH-01530 059319 09/08/2024 Ej. 1 18/11/2013   Informe Técnico